[Event "Toronto NAYCC U14"]
[Site "Toronto"]
[Date "2013.08.17"]
[Round "7"]
[White "Kong, Aaron"]
[Black "Forsyth, E Dane"]
[Result "1/2-1/2"]
[WhiteElo "1154"]
[BlackElo "1180"]
[PlyCount "84"]
[EventDate "2013.08.14"]
[EventType "swiss"]
[EventRounds "9"]
[EventCountry "CAN"]
[SourceTitle "EXT 2022"]
[Source "ChessBase"]
[SourceDate "2021.10.06"]
[SourceVersion "1"]
[SourceVersionDate "2021.10.06"]
[SourceQuality "1"]

1. e4 c5 2. Nf3 d6 3. d4 cxd4 4. Nxd4 e5 5. Nb5 Nf6 6. N1c3 a6 7. Na3 b5 8. b4 Bb7 9. Bg5 Be7 10. Bd3 Qc7 11. Nab1 Nc6 12. Bxf6 Bxf6 13. Nd5 Qd8 14. 0-0 Nd4 15. c3 Ne6 16. c4 Bxd5 17. cxd5 Nf4 18. Be2 0-0 19. Nd2 Qb6 20. Nb3 Rfc8 21. Na5 Rc3 22. Nc6 Ng6 23. Qd2 Rxc6 24. dxc6 Qxc6 25. Qd5 Qxd5 26. exd5 Nf4 27. Rfe1 h6 28. Rac1 Bg5 29. Rb1 Rc8 30. Bf3 Rc4 31. Red1 Rc2 32. a3 f5 33. Kf1 e4 34. g3 exf3 35. gxf4 Bxf4 36. h3 Rc3 37. Ra1 g5 38. Re1 Kf7 39. Re6 h5 40. Rae1 Rc7 41. Rh6 Kg7 42. Rxh5 Rf7 1/2-1/2

[Event "Toronto NAYCC U14"]
[Site "Toronto"]
[Date "2013.08.16"]
[Round "5"]
[White "Forsyth, E Dane"]
[Black "Yaskolko, Alexander"]
[Result "0-1"]
[WhiteElo "1180"]
[BlackElo "1720"]
[PlyCount "122"]
[EventDate "2013.08.14"]
[EventType "swiss"]
[EventRounds "9"]
[EventCountry "CAN"]
[SourceTitle "EXT 2022"]
[Source "ChessBase"]
[SourceDate "2021.10.06"]
[SourceVersion "1"]
[SourceVersionDate "2021.10.06"]
[SourceQuality "1"]

1. d4 Nf6 2. c4 e5 3. dxe5 Ng4 4. Nf3 Bc5 5. e3 Nc6 6. Qd5 Qe7 7. Nc3 Ngxe5 8. Nxe5 Nxe5 9. Ne4 Bb4+ 10. Bd2 Bxd2+ 11. Nxd2 0-0 12. Be2 d6 13. 0-0 Ng6 14. Bd3 Qf6 15. b3 Ne5 16. f4 Nxd3 17. Qxd3 Re8 18. Nf3 Bf5 19. Qd2 Re7 20. Rae1 Rae8 21. Nd4 a6 22. Nxf5 Qxf5 23. Rf3 Qc5 24. Kh1 b5 25. cxb5 axb5 26. h3 Qb6 27. Rg3 d5 28. Qxd5 Re6 29. Qd2 c5 30. Qc3 g6 31. a3 Re4 32. Qd2 Qa6 33. Qb2 Qa5 34. Re2 b4 35. Rc2 Qxa3 36. Qxa3 bxa3 37. Ra2 Rxe3 38. Rxe3 Rxe3 39. Rxa3 Kg7 40. Kg1 c4 41. Kf2 Rxb3 42. Ra4 c3 43. Rc4 Kf6 44. Ke2 Rb2+ 45. Kf3 Rc2 46. g4 Ke6 47. Ke4 Rc1 48. Kd3 Rh1 49. Rxc3 Rxh3+ 50. Kd4 Rxc3 51. Kxc3 g5 52. Kd3 gxf4 53. Ke4 h6 54. Kxf4 Kf6 55. Kg3 Kg5 56. Kf3 Kh4 57. Kf4 Kh3 58. g5 h5 59. Kf5 Kg3 60. g6 fxg6+ 61. Kxg6 h4 0-1

[Event "Toronto NAYCC U14"]
[Site "Toronto"]
[Date "2013.08.14"]
[Round "1"]
[White "Forsyth, E Dane"]
[Black "Karp, Eli M"]
[Result "0-1"]
[WhiteElo "1180"]
[BlackElo "1843"]
[PlyCount "84"]
[EventDate "2013.08.14"]
[EventType "swiss"]
[EventRounds "9"]
[EventCountry "CAN"]
[SourceTitle "EXT 2022"]
[Source "ChessBase"]
[SourceDate "2021.10.06"]
[SourceVersion "1"]
[SourceVersionDate "2021.10.06"]
[SourceQuality "1"]

1. d4 e6 2. c4 c5 3. e3 cxd4 4. exd4 Nf6 5. Nc3 d5 6. c5 b6 7. Bb5+ Bd7 8. b4 Bxb5 9. Nxb5 bxc5 10. Qa4 Nbd7 11. Bf4 e5 12. Bxe5 Nxe5 13. Nc7+ Ke7 14. Nxa8 Nd3+ 15. Kf1 Qxa8 16. bxc5 Ne4 17. Nh3 Qb7 18. Qb3 Nd2+ 19. Ke2 Nxb3 20. axb3 Nb4 21. Kf3 f6 22. Rhe1+ Kf7 23. Rab1 Be7 24. Nf4 Re8 25. Re6 Nc2 26. c6 Nxd4+ 27. Ke3 Qb4 28. Nxd5 Nf5+ 29. Kd3 Qd4+ 30. Ke2 Kxe6 31. Nc7+ Kf7 32. Nxe8 Kxe8 33. c7 Qc5 34. c8Q+ Qxc8 35. g4 Qc2+ 36. Kf3 Nd4+ 37. Ke3 Qxb1 38. Kxd4 Qxb3 39. Ke4 Qc3 40. f3 g5 41. h3 Bc5 42. Kf5 Qe5# 0-1